00802nam a2200241Ia 4500003000900000008004100009040001300050040001300063041000800076100001800084100001000102245012700112250000900239260002100248260000900269300001100278300001000289490002900299490000800328942000700336999001700343952020000360IT-RoPAU120407s9999 xx 000 0 und d aIT-RoPAU cIT-RoPAU aita aMagnus Lohrer ccoll. aIniziazione alla Messa. Esposizione storica, aspetti teologici, ascetici e catechistici del nuovo ordo della Messa. AA.VV. aRoma aEdizioni Paoline c1970 a105 p. c18 cm aPunti scottanti di teol. v151 cBK c24153d24153 00102ddc406208_22510000000000071aPAULUSbPAULUSd2012-04-11l0o208.2251r2012-04-11 00:00:00w2012-04-11yBKzInserito da: Jole In data: 12 settembre 2011 fondo: Via A.Severo 56 Progr:15371